[Event "SR 3. liga A2 2017/2018"]
[Site "?"]
[Date "2017.11.05"]
[Round "3.5"]
[White "Hornak, Pavol"]
[Black "Babirat, Michal"]
[Result "0-1"]
[WhiteElo "1779"]
[BlackElo "1827"]
[PlyCount "96"]
[EventDate "2017.??.??"]

1. d4 Nf6 2. c4 e6 3. g3 d5 4. Bg2 c5 5. Nf3 Nc6 6. cxd5 Nxd5 7. O-O Be7 8.
dxc5 Bxc5 9. Nbd2 O-O 10. Ne4 Be7 11. Bd2 Qb6 12. b3 Rd8 13. Qc1 Bd7 14. Nc3
Nxc3 15. Bxc3 Rac8 16. Qb2 f6 17. a3 e5 18. Rfd1 Be6 19. Nd2 Nd4 20. Kf1 Nxb3
21. Nxb3 Qxb3 22. Rxd8+ Rxd8 23. Qxb3 Bxb3 24. Bxb7 Rb8 25. Be4 Bc4 26. a4 Rb3
27. Bd2 Rb2 28. Ke1 Bb4 29. Rd1 a5 30. Bd5+ Bxd5 31. Bxb4 Rxb4 32. Rxd5 Rxa4
33. Kd2 Ra2+ 34. Kd3 Kf7 35. f4 Ke6 36. Rb5 exf4 37. gxf4 Ra4 38. f5+ Kd6 39.
e4 g5 40. fxg6 hxg6 41. Ke3 Ra1 42. Kf4 Rf1+ 43. Kg3 a4 44. Ra5 Ra1 45. Kf4 a3
46. Ra6+ Ke7 47. Ke3 a2 48. Kd2 Rh1 0-1

[Event "SR 3. liga A2 2017/2018"]
[Site "?"]
[Date "2017.11.05"]
[Round "3.5"]
[White "Suchan, Jozef"]
[Black "Zelensky, Ivan"]
[Result "1-0"]
[WhiteElo "1769"]
[BlackElo "1565"]
[PlyCount "75"]
[EventDate "2017.??.??"]

1. d4 d5 2. c4 dxc4 3. e3 Bf5 4. Nc3 e6 5. Bxc4 Bb4 6. Nf3 h6 7. O-O Nf6 8.
Qa4+ Nc6 9. Ne5 Bxc3 10. bxc3 O-O 11. Nxc6 bxc6 12. Qxc6 Ne4 13. Bd3 Qd5 14.
Bxe4 Bxe4 15. Qxd5 exd5 16. Ba3 Rfb8 17. Rfc1 Rb7 18. c4 Rab8 19. f3 Bd3 20.
cxd5 Rb1 21. Kf2 a5 22. Raxb1 Bxb1 23. Rxc7 Bxa2 24. d6 Be6 25. e4 Rd8 26. Ra7
Rd7 27. Ra8+ Kh7 28. d5 Bxd5 29. exd5 Kg6 30. Rc8 Kf5 31. Rc7 Rd8 32. Re7 Kf6
33. d7 g5 34. g4 a4 35. d6 Rb8 36. Re8 Rb3 37. d8=Q+ Kg6 38. Rg8+ 1-0

[Event "SR 3. liga A2 2017/2018"]
[Site "?"]
[Date "2017.11.05"]
[Round "3.6"]
[White "Kalmar, Tamas"]
[Black "Malar, Pavol"]
[Result "1/2-1/2"]
[WhiteElo "2101"]
[BlackElo "2067"]
[PlyCount "26"]
[EventDate "2017.??.??"]

1. d4 e6 2. c4 f5 3. Nf3 Nf6 4. g3 Be7 5. Bg2 O-O 6. O-O d6 7. Nc3 Qe8 8. Qc2
Qh5 9. Bf4 h6 10. a3 g5 11. Bd2 Nc6 12. d5 Ne5 13. Nxe5 dxe5 1/2-1/2

[Event "SR 3. liga A2 2017/2018"]
[Site "?"]
[Date "2017.11.05"]
[Round "3.6"]
[White "Bisco, Igor"]
[Black "Veselsky, Jozef"]
[Result "1/2-1/2"]
[WhiteElo "2065"]
[BlackElo "2109"]
[PlyCount "36"]
[EventDate "2017.??.??"]

1. e4 c5 2. Nf3 Nc6 3. d4 cxd4 4. Nxd4 g6 5. Nc3 Bg7 6. Be3 Nf6 7. Bc4 O-O 8.
Bb3 d6 9. f3 Nxd4 10. Bxd4 Bd7 11. Qd2 Bc6 12. O-O-O Nd7 13. h4 Bxd4 14. Qxd4
Qb6 15. Qd2 Nc5 16. h5 Nxb3+ 17. axb3 Qa5 18. Qh6 g5 1/2-1/2

[Event "SR 3. liga A2 2017/2018"]
[Site "?"]
[Date "2017.11.05"]
[Round "3.6"]
[White "Merva, Frantisek"]
[Black "Racik, Marek"]
[Result "1-0"]
[WhiteElo "2068"]
[BlackElo "1838"]
[PlyCount "65"]
[EventDate "2017.??.??"]

1. d4 Nf6 2. c4 e6 3. Nc3 d5 4. cxd5 exd5 5. Bg5 Be7 6. Qc2 Nc6 7. e3 a6 8. a3
O-O 9. Bd3 h6 10. Bh4 Be6 11. Nge2 Ne8 12. Bg3 Bd6 13. f3 Rc8 14. O-O Nf6 15.
Bf2 Ne7 16. e4 dxe4 17. fxe4 Ng4 18. e5 Nd5 19. Nxd5 Bxd5 20. exd6 Qg5 21. h4
Qd8 22. Bh7+ Kh8 23. Bf5 Be6 24. Bxg4 Bxg4 25. dxc7 Rxc7 26. Nc3 b5 27. Qe4 Qd7
28. Rae1 Bf5 29. Qf4 Bd3 30. Bg3 Bxf1 31. Qxc7 Qxd4+ 32. Kxf1 Qd3+ 33. Kg1 1-0

[Event "SR 3. liga A2 2017/2018"]
[Site "?"]
[Date "2017.11.05"]
[Round "3.6"]
[White "Cebo, Vladimir"]
[Black "Csuri, Szilveszter"]
[Result "1-0"]
[WhiteElo "1652"]
[BlackElo "1981"]
[PlyCount "73"]
[EventDate "2017.??.??"]

1. c4 e5 2. Nc3 Nf6 3. e4 Nc6 4. Nf3 Bc5 5. Nxe5 Nxe5 6. d4 Bd6 7. dxe5 Bxe5 8.
Qc2 O-O 9. Bd3 h6 10. O-O Re8 11. Be3 c6 12. h3 Qe7 13. f4 Bxc3 14. bxc3 Nxe4
15. Rae1 Nf6 16. Bf2 Qf8 17. Bd4 Rxe1 18. Rxe1 Ne8 19. Qe2 Nc7 20. Qe4 f5 21.
Qxf5 Qxf5 22. Bxf5 Kf7 23. Bg4 b6 24. f5 Ba6 25. Bh5+ Kf8 26. f6 gxf6 27. Bxf6
Ne6 28. Re4 Rc8 29. Rg4 Ng5 30. Rd4 Nf7 31. Rxd7 Bxc4 32. Rxa7 Re8 33. a3 Re1+
34. Kh2 Re6 35. Rxf7+ Kg8 36. Rg7+ Kf8 37. Rg6 1-0

[Event "SR 3. liga A2 2017/2018"]
[Site "?"]
[Date "2017.11.05"]
[Round "3.6"]
[White "Vegh, Vince"]
[Black "Gajarsky, Roman"]
[Result "1-0"]
[WhiteElo "1919"]
[BlackElo "1807"]
[PlyCount "69"]
[EventDate "2017.??.??"]

1. e4 c5 2. Nf3 Nf6 3. d4 cxd4 4. Nxd4 e6 5. Nc3 Bb4 6. Be3 Nc6 7. Bd3 Qa5 8.
Qd2 Bxc3 9. bxc3 Ng4 10. Nb3 Qc7 11. Bc5 b6 12. Ba3 f6 13. h3 Nge5 14. Be2 Nf7
15. O-O Bb7 16. f4 Rg8 17. c4 Na5 18. Nxa5 bxa5 19. Bd3 Bc6 20. Rab1 g5 21. f5
g4 22. hxg4 Rxg4 23. fxe6 dxe6 24. Rxf6 Rg6 25. Rbf1 Rxf6 26. Rxf6 Qe5 27. Qf2
Nd8 28. Qh4 Nf7 29. c3 Rb8 30. Rf1 Rb7 31. Qxh7 Qg5 32. Qh3 Bd7 33. Qf3 Bc6 34.
Qh3 Qe5 35. Qg4 1-0

[Event "SR 3. liga A2 2017/2018"]
[Site "?"]
[Date "2017.11.05"]
[Round "3.6"]
[White "Barca, Michal"]
[Black "Csefalvay, Stefan"]
[Result "1-0"]
[WhiteElo "1741"]
[BlackElo "1813"]
[PlyCount "79"]
[EventDate "2017.??.??"]

1. c4 c5 2. Nc3 g6 3. f4 Bg7 4. Nf3 Nc6 5. e3 Nf6 6. d4 cxd4 7. exd4 d5 8. c5
O-O 9. Be2 e6 10. O-O Ne4 11. Be3 Ne7 12. Rc1 Nf5 13. Bf2 Nxf2 14. Kxf2 Qa5 15.
g4 Ne7 16. a3 Bd7 17. Qd2 a6 18. Nxd5 Qd8 19. Nxe7+ Qxe7 20. Kg3 Bc6 21. Rfd1
Bxf3 22. Bxf3 Rfd8 23. Qb4 Rab8 24. Rc2 Qc7 25. d5 exd5 26. Rxd5 Rxd5 27. Bxd5
g5 28. Kf3 h6 29. Qe4 Qxf4+ 30. Qxf4 gxf4 31. Kxf4 Kf8 32. b4 Bf6 33. Kf5 Bg5
34. a4 f6 35. b5 axb5 36. axb5 Ke7 37. Re2+ Kd7 38. Bxb7 h5 39. Bc6+ Kd8 40. b6
1-0

[Event "SR 3. liga A2 2017/2018"]
[Site "?"]
[Date "2017.11.05"]
[Round "3.6"]
[White "Meszaros, Lorant"]
[Black "Janas, Peter"]
[Result "1-0"]
[WhiteElo "1953"]
[BlackElo "1749"]
[PlyCount "79"]
[EventDate "2017.??.??"]

1. d4 Nf6 2. c4 e5 3. dxe5 Ng4 4. Bf4 Nc6 5. Nf3 Bb4+ 6. Nbd2 Qe7 7. e3 Ngxe5
8. Nxe5 Nxe5 9. Be2 d6 10. O-O O-O 11. Nb3 Be6 12. a3 Bxa3 13. Bxe5 dxe5 14.
bxa3 Rad8 15. Qc2 b6 16. Qc3 Qg5 17. f4 exf4 18. exf4 Qh6 19. f5 Bc8 20. c5
Rde8 21. Nd4 Re3 22. Qc4 Qf6 23. Bf3 Ba6 24. Qxa6 Qxd4 25. Kh1 Rfe8 26. cxb6
cxb6 27. Rad1 Qc5 28. Qxa7 Rxa3 29. Qd7 Rae3 30. h3 Qe5 31. Bc6 Rf8 32. Qd5 Qc7
33. Rfe1 Rb3 34. Bd7 h6 35. Re8 Rxe8 36. Bxe8 Qe7 37. Bb5 Qa3 38. Bd3 Rc3 39.
f6 Rc8 40. Qf5 1-0

[Event "SR 3. liga A2 2017/2018"]
[Site "?"]
[Date "2017.11.05"]
[Round "3.6"]
[White "Tupy, Bystrik"]
[Black "Sarkozi, Szabolcs"]
[Result "1-0"]
[WhiteElo "1704"]
[BlackElo "1686"]
[PlyCount "77"]
[EventDate "2017.??.??"]

1. e4 c5 2. Nf3 e6 3. d4 cxd4 4. Nxd4 a6 5. Nc3 Nc6 6. Be3 d6 7. Nxc6 bxc6 8.
Bd3 Nf6 9. O-O Be7 10. Ne2 O-O 11. Ng3 Qc7 12. f4 e5 13. Nh5 Ng4 14. Qf3 Nxe3
15. Qxe3 g6 16. f5 Qa7 17. Qxa7 Rxa7 18. fxg6 fxg6 19. Rxf8+ Kxf8 20. Rf1+ Ke8
21. Ng3 Be6 22. Kf2 a5 23. a4 Rb7 24. b3 Bd8 25. Ke2 Ke7 26. Kd2 d5 27. Ke3 d4+
28. Kd2 Kd6 29. Ne2 Bg5+ 30. Kd1 c5 31. Bb5 c4 32. Nc1 Kc5 33. bxc4 Bxc1 34.
Kxc1 Bxc4 35. Bxc4 Kxc4 36. Kd2 Kb4 37. Rb1+ Kc5 38. Rf1 Kb4 39. Rb1+ 1-0

[Event "SR 3. liga A2 2017/2018"]
[Site "?"]
[Date "2017.11.19"]
[Round "4.1"]
[White "Sosna, Jan"]
[Black "Slamena, Michal"]
[Result "1-0"]
[WhiteElo "2331"]
[BlackElo "2019"]
[PlyCount "115"]
[EventDate "2017.??.??"]

1. d4 Nf6 2. Nf3 c5 3. d5 e6 4. Nc3 exd5 5. Nxd5 d6 6. Bg5 Be7 7. Nxe7 Qxe7 8.
e3 O-O 9. Be2 Nc6 10. O-O Bf5 11. c4 h6 12. Bh4 Rfd8 13. a3 g5 14. Bg3 d5 15.
cxd5 Rxd5 16. Qa4 Ne4 17. Rad1 Rad8 18. Bb5 Rxd1 19. Rxd1 Rxd1+ 20. Qxd1 Nd8
21. Bc4 Nxg3 22. hxg3 Qd7 23. Qe2 Bg4 24. Qc2 Bxf3 25. Qg6+ Kf8 26. Qxh6+ Ke8
27. Qh8+ Ke7 28. Qe5+ Ne6 29. gxf3 f6 30. Qe4 b6 31. Kf1 Qd1+ 32. Kg2 Qd7 33.
Bxe6 Qxe6 34. Qh7+ Kd6 35. Qxa7 Qb3 36. Qb8+ Kd7 37. Qb7+ Kd6 38. a4 c4 39. Qf7
Qxa4 40. Qxf6+ Kc5 41. Qe7+ Kb5 42. Qd7+ Kb4 43. Qxa4+ Kxa4 44. f4 Kb3 45. f5
Kxb2 46. f6 c3 47. f7 c2 48. f8=Q c1=Q 49. Qb4+ Ka2 50. Qxb6 Qc3 51. Qd4 Qb3
52. e4 Kb1 53. Qd5 Qb4 54. e5 g4 55. e6 Kc2 56. Qf5+ Kd1 57. Qd3+ Kc1 58. Qe3+
1-0

[Event "SR 3. liga A2 2017/2018"]
[Site "?"]
[Date "2017.11.19"]
[Round "4.1"]
[White "Bisco, Igor"]
[Black "Jozefek, Michal"]
[Result "0-1"]
[WhiteElo "2065"]
[BlackElo "2194"]
[PlyCount "80"]
[EventDate "2017.??.??"]

1. e4 c5 2. Nf3 Nc6 3. d4 cxd4 4. Nxd4 g6 5. Nc3 Bg7 6. Be3 Nf6 7. Bc4 O-O 8.
Bb3 a5 9. a3 Ng4 10. Qxg4 Nxd4 11. Qd1 Nxb3 12. cxb3 d6 13. Bd4 Be6 14. Bxg7
Kxg7 15. Qd4+ Kg8 16. Nd5 Bxd5 17. Qxd5 Qb6 18. O-O Rfc8 19. Rac1 Rc6 20. Rc3
Rxc3 21. bxc3 Rc8 22. Rc1 Rc5 23. Qd1 Re5 24. b4 Rxe4 25. Qd3 Re5 26. h3 Qc6
27. c4 Rg5 28. g3 Rf5 29. Qd2 b6 30. Rc3 Re5 31. Kh2 Qa4 32. Re3 Rxe3 33. fxe3
axb4 34. axb4 Qb3 35. c5 bxc5 36. bxc5 dxc5 37. Qd8+ Kg7 38. Qxe7 Qc3 39. Kg2
Qb2+ 40. Kf3 Qf6+ 0-1

[Event "SR 3. liga A2 2017/2018"]
[Site "?"]
[Date "2017.11.19"]
[Round "4.1"]
[White "Kucharek, Jaroslav"]
[Black "Cebo, Vladimir"]
[Result "1-0"]
[WhiteElo "2041"]
[BlackElo "1652"]
[PlyCount "69"]
[EventDate "2017.??.??"]

1. d4 d5 2. Nf3 Nf6 3. c4 e6 4. g3 c6 5. Bg2 Nbd7 6. O-O Be7 7. Nc3 O-O 8. Nd2
Nb6 9. b3 Qc7 10. Bb2 Re8 11. Qc2 Bd8 12. e4 e5 13. dxe5 Ng4 14. exd5 cxd5 15.
c5 Qxc5 16. Rac1 Be6 17. Qd1 Qa5 18. Nf3 Be7 19. h3 Nh6 20. Nd4 Bc5 21. a3 Bxd4
22. Qxd4 Nf5 23. Qd3 d4 24. Nb5 Red8 25. Bxb7 Rab8 26. Be4 g6 27. g4 Ne7 28.
Rc7 Rd7 29. Rxd7 Nxd7 30. Nxd4 Nxe5 31. Qg3 Nd7 32. Nxe6 fxe6 33. Qd6 Qd8 34.
Qxe6+ Kf8 35. Rd1 1-0

[Event "SR 3. liga A2 2017/2018"]
[Site "?"]
[Date "2017.11.19"]
[Round "4.1"]
[White "Filip, Frantisek"]
[Black "Stanec, Stanislav"]
[Result "0-1"]
[WhiteElo "1752"]
[BlackElo "2046"]
[PlyCount "120"]
[EventDate "2017.??.??"]

1. c4 Nf6 2. g3 g6 3. Bg2 Bg7 4. Nc3 O-O 5. Nf3 c6 6. O-O d6 7. e3 Qc7 8. d4
Nbd7 9. Rb1 Nb6 10. b3 Bf5 11. Ra1 e5 12. Bb2 Rfe8 13. Nh4 Bg4 14. Qc2 Rac8 15.
Rac1 exd4 16. exd4 Qd7 17. Bf3 Bxf3 18. Nxf3 Qg4 19. Qd1 Nh5 20. Nb1 Nf4 21.
Kh1 Ne2 22. Ng1 Qh5 23. Nxe2 Qxe2 24. Rc2 Qxd1 25. Rxd1 Re6 26. Kg1 Rce8 27.
Kf1 d5 28. c5 Nd7 29. Bc1 Nf6 30. f3 h5 31. Nc3 Nd7 32. Re2 Nxc5 33. Rxe6 Nxe6
34. Ne2 f5 35. Kf2 Kf7 36. h3 g5 37. Be3 Bf6 38. a4 a6 39. Rd2 Be7 40. Rc2 Bd6
41. f4 h4 42. Kf3 hxg3 43. Kxg3 gxf4+ 44. Nxf4 Nxd4 45. Bxd4 Re4 46. Kg2 Rxd4
47. Ne2 Rd3 48. Rc3 Rxc3 49. Nxc3 Be5 50. Nd1 c5 51. Ne3 Ke6 52. Kf3 b5 53.
axb5 axb5 54. Ke2 d4 55. Nc2 Kd5 56. h4 c4 57. bxc4+ bxc4 58. Kd2 Bf4+ 59. Kd1
Ke4 60. h5 d3 0-1

[Event "SR 3. liga A2 2017/2018"]
[Site "?"]
[Date "2017.11.19"]
[Round "4.1"]
[White "Hudacek, Josef"]
[Black "Barca, Michal"]
[Result "1/2-1/2"]
[WhiteElo "2045"]
[BlackElo "1741"]
[PlyCount "158"]
[EventDate "2017.??.??"]

1. e4 d5 2. exd5 Qxd5 3. d4 Nf6 4. c4 Qd6 5. Nc3 c6 6. Be2 g6 7. Nf3 Bg4 8. h3
Bxf3 9. Bxf3 Bg7 10. O-O O-O 11. Qb3 Qc7 12. Ne2 Nbd7 13. Bf4 Qb6 14. Qc2 Rfe8
15. Be3 Qc7 16. Nc3 Rad8 17. Rad1 Nb6 18. b3 e6 19. a4 a5 20. Ne2 Nbd7 21. Bg5
Rc8 22. Ng3 h6 23. Be3 Rcd8 24. Ne4 e5 25. Nxf6+ Nxf6 26. dxe5 Qxe5 27. Rxd8
Rxd8 28. Bb6 Rd7 29. c5 Nd5 30. Bxa5 Qb2 31. Qxb2 Bxb2 32. Rd1 Nf6 33. Rd2 Ba3
34. Rc2 Rd3 35. b4 Rd4 36. b5 Rxa4 37. bxc6 bxc6 38. Bd8 Nd5 39. Bxd5 cxd5 40.
c6 Bd6 41. Kf1 Ra8 42. c7 Rc8 43. g3 Kf8 44. Rc6 Be7 45. Rb6 Bxd8 46. Rb8 Rxc7
47. Rxd8+ Ke7 48. Rxd5 Rc2 49. Kg2 Rc3 50. Ra5 Kf6 51. g4 Kg7 52. h4 Rb3 53. f3
Rb2+ 54. Kg3 Rb4 55. Re5 Kf6 56. Rc5 Kg7 57. h5 g5 58. Rf5 Rb2 59. Re5 Rc2 60.
Re4 Rb2 61. f4 Rb3+ 62. Kg2 Rb2+ 63. Kf3 Rb3+ 64. Kf2 Rb2+ 65. Ke3 Rb3+ 66. Kd2
gxf4 67. Rxf4 Ra3 68. Ke2 Rb3 69. Rf5 Rc3 70. Rf3 Rxf3 71. Kxf3 f6 72. Ke4 Kf8
73. Kd5 Ke7 74. Ke4 Kf8 75. Kd5 Ke7 76. Ke4 Kf8 77. Kf4 Ke7 78. Kf5 Kf7 79. Ke4
Kf8 1/2-1/2

[Event "SR 3. liga A2 2017/2018"]
[Site "?"]
[Date "2017.11.19"]
[Round "4.1"]
[White "Tupy, Bystrik"]
[Black "Hrubsa, Marian"]
[Result "0-1"]
[WhiteElo "1704"]
[BlackElo "1924"]
[PlyCount "92"]
[EventDate "2017.??.??"]

1. e4 e6 2. d4 d5 3. exd5 exd5 4. Nc3 Nf6 5. Nf3 Bg4 6. Be2 Bd6 7. h3 Bh5 8.
Bg5 c6 9. O-O O-O 10. Ne5 Bg6 11. Ng4 Nbd7 12. Nxf6+ Nxf6 13. f4 Bf5 14. Bd3
Bxd3 15. Qxd3 Re8 16. Ne2 Be7 17. f5 Ne4 18. Bf4 Bf6 19. Ng3 Qd7 20. c3 Re7 21.
Bd2 Nxg3 22. Qxg3 Re2 23. Rf2 Re4 24. Bg5 Qe7 25. Bxf6 Qxf6 26. Raf1 Rae8 27.
Qc7 R4e7 28. Qg3 h6 29. a3 Kh7 30. Qf4 a6 31. Qg3 Re3 32. Qf4 R8e4 33. Qc7 Rh4
34. Rf3 Re7 35. Qb8 Rhe4 36. Qg3 Re2 37. R1f2 R7e4 38. Qc7 Re1+ 39. Rf1 R4e2
40. Rxe1 Rxe1+ 41. Kf2 Rc1 42. b4 Qh4+ 43. Qg3 Qe4 44. Qe5 Qh4+ 45. Rg3 f6 46.
Qe7 Rc2+ 0-1

[Event "SR 3. liga A2 2017/2018"]
[Site "?"]
[Date "2017.11.19"]
[Round "4.1"]
[White "Harastova, Viera"]
[Black "Tupy, Emil"]
[Result "1/2-1/2"]
[WhiteElo "1830"]
[BlackElo "1680"]
[PlyCount "115"]
[EventDate "2017.??.??"]

1. d4 Nf6 2. c4 g6 3. Nc3 Bg7 4. e4 O-O 5. Be3 d6 6. f3 c6 7. Bd3 Nbd7 8. Nge2
a6 9. O-O Qc7 10. Qd2 e5 11. d5 c5 12. Bh6 Ne8 13. Kh1 Nb6 14. Bxg7 Nxg7 15. b3
f5 16. f4 fxe4 17. Bxe4 Bf5 18. Ng3 Rae8 19. Bxf5 Nxf5 20. Nxf5 Rxf5 21. fxe5
Rfxe5 22. Rae1 Qg7 23. Rxe5 Qxe5 24. Qf2 Qg7 25. h3 Rf8 26. Qxf8+ Qxf8 27.
Rxf8+ Kxf8 28. Ne4 Nc8 29. g4 b5 30. Kg2 bxc4 31. bxc4 Ke7 32. Kf3 Nb6 33. Nd2
Kf6 34. Kf4 h6 35. h4 g5+ 36. hxg5+ hxg5+ 37. Ke4 Nd7 38. Ke3 Ne5 39. Ne4+ Ke7
40. Nxg5 Nxg4+ 41. Kd3 Ne5+ 42. Kc3 Kd7 43. Ne4 Kc7 44. a3 Nf7 45. Kb3 Ne5 46.
Nd2 Nf7 47. Ka4 Kb6 48. Ne4 a5 49. Nf6 Ne5 50. Kb3 a4+ 51. Kc3 Nf7 52. Ng4 Ng5
53. Kd3 Nf3 54. Nf6 Kc7 55. Ne4 Ne1+ 56. Kd2 Nf3+ 57. Ke3 Ne1 58. Kd2 1/2-1/2

[Event "SR 3. liga A2 2017/2018"]
[Site "?"]
[Date "2017.11.19"]
[Round "4.1"]
[White "Bojnansky, Juraj"]
[Black "Planka, Peter"]
[Result "1-0"]
[WhiteElo "1594"]
[BlackElo "1806"]
[PlyCount "85"]
[EventDate "2017.??.??"]

1. d4 Nf6 2. c4 e6 3. Nf3 b6 4. e3 Bb7 5. Be2 Bb4+ 6. Bd2 Bxd2+ 7. Nbxd2 O-O 8.
O-O d6 9. Qc2 c5 10. Rfd1 Qc7 11. Rac1 Nbd7 12. Bd3 h6 13. e4 Rfd8 14. d5 exd5
15. cxd5 a5 16. Nb1 Ng4 17. Nc3 Nde5 18. Nxe5 Nxe5 19. Bb5 Ba6 20. a4 Bxb5 21.
Nxb5 Qe7 22. Na3 Qg5 23. Qe2 Rab8 24. Rc3 Rb7 25. Rf1 Qe7 26. Rg3 Re8 27. f4
Nd7 28. Re3 Nf6 29. Re1 Qd7 30. b3 Ng4 31. Rg3 Nf6 32. Qb2 Nh5 33. Rf3 Qg4 34.
Nc4 Rd8 35. e5 dxe5 36. Ne3 Qg6 37. fxe5 Qe4 38. Qc3 Re7 39. Nf5 Qxe1+ 40. Qxe1
Red7 41. d6 Kh7 42. Qe4 g6 43. Ne7 1-0

[Event "SR 3. liga A2 2017/2018"]
[Site "?"]
[Date "2017.11.19"]
[Round "4.2"]
[White "Sturdik, Igor"]
[Black "Kalmar, Tamas"]
[Result "1/2-1/2"]
[WhiteElo "1963"]
[BlackElo "2101"]
[PlyCount "54"]
[EventDate "2017.??.??"]

1. e4 c6 2. d4 d5 3. Nc3 dxe4 4. Nxe4 Bf5 5. Ng3 Bg6 6. Nf3 Nd7 7. h4 h6 8. h5
Bh7 9. Bd3 Bxd3 10. Qxd3 e6 11. Bd2 Ngf6 12. O-O-O Be7 13. Ne4 Nxe4 14. Qxe4
Nf6 15. Qe2 Qd5 16. c4 Qe4 17. Rde1 Qxe2 18. Rxe2 O-O 19. g4 Nxg4 20. Rg1 Nf6
21. Bxh6 Nxh5 22. Re5 Kh7 23. Rxh5 gxh6 24. Rgh1 Kg7 25. Rg1+ Kh7 26. Rgh1 Kg7
27. Rg1+ Kh7 1/2-1/2

[Event "SR 3. liga A2 2017/2018"]
[Site "?"]
[Date "2017.11.19"]
[Round "4.2"]
[White "Veselsky, Jozef"]
[Black "Bukovsky, Milan"]
[Result "1-0"]
[WhiteElo "2109"]
[BlackElo "1923"]
[PlyCount "131"]
[EventDate "2017.??.??"]

1. d4 Nf6 2. Nf3 e6 3. c4 b6 4. g3 Bb7 5. Bg2 Be7 6. Nc3 O-O 7. Qc2 d5 8. Bg5
Nbd7 9. cxd5 Nxd5 10. Bxe7 Qxe7 11. Nxd5 Bxd5 12. e4 Bb7 13. Qxc7 Ba6 14. Qc3
Rac8 15. Qd2 Rfd8 16. Bf1 Bb7 17. Bd3 f5 18. Qe2 fxe4 19. Bxe4 Bxe4 20. Qxe4
Nf6 21. Qe2 Qb4+ 22. Kf1 Qc4 23. Qxc4 Rxc4 24. Kg2 Rc2 25. Rhe1 Ng4 26. Ng5
Rxf2+ 27. Kg1 Rxb2 28. Nxe6 Rc8 29. Rac1 Rcc2 30. Rxc2 Rxc2 31. Rf1 Nf6 32. Rf2
Rc1+ 33. Kg2 Kf7 34. Re2 Rd1 35. Nd8+ Kg6 36. Nc6 a5 37. Rb2 Nd5 38. Rb5 Ne3+
39. Kf3 Nc4 40. Ne5+ Nxe5+ 41. dxe5 Ra1 42. Rxb6+ Kf5 43. g4+ Kxe5 44. Rb5+ Kf6
45. Rxa5 Rh1 46. Kg2 Rb1 47. h4 Kf7 48. h5 Rb4 49. Kg3 Rc4 50. g5 Rc1 51. Ra7+
Kf8 52. Ra8+ Kf7 53. Rh8 Rc3+ 54. Kf4 Rc4+ 55. Ke3 Rg4 56. Rxh7 Rxg5 57. h6 Rh5
58. Rxg7+ Kf6 59. Ra7 Kg6 60. h7 Kf6 61. Kf4 Rh4+ 62. Kg3 Rh1 63. a4 Ke6 64. a5
Kd6 65. a6 Kc6 66. Rf7 1-0

[Event "SR 3. liga A2 2017/2018"]
[Site "?"]
[Date "2017.11.19"]
[Round "4.2"]
[White "Mosny, Jaroslav"]
[Black "Merva, Frantisek"]
[Result "1/2-1/2"]
[WhiteElo "1892"]
[BlackElo "2068"]
[PlyCount "120"]
[EventDate "2017.??.??"]

1. d4 d5 2. Bf4 Nf6 3. e3 Bf5 4. c4 e6 5. Nc3 c6 6. Qb3 Qb6 7. c5 Qxb3 8. axb3
Nbd7 9. b4 a6 10. Nf3 Be7 11. b5 cxb5 12. Nxb5 O-O 13. Nd6 Bxd6 14. Bxd6 Rfc8
15. Ne5 Nxe5 16. Bxe5 Nd7 17. Bd6 Nb8 18. Bxb8 Raxb8 19. Kd2 Kf8 20. b4 Ke7 21.
Be2 Ra8 22. Ra2 Rab8 23. Rha1 Kf6 24. Rb2 e5 25. b5 axb5 26. Rxb5 exd4 27. exd4
Bd7 28. Rb6+ Bc6 29. Bf3 Rd8 30. Ra3 g6 31. Rb1 Ra8 32. Rba1 Rxa3 33. Rxa3 Re8
34. Ra1 h5 35. h4 Kf5 36. g3 Rh8 37. Re1 f6 38. Ra1 Re8 39. Ra3 Rh8 40. Ra1 Rb8
41. Kc3 Rh8 42. Kd2 Rg8 43. Ra3 Ke6 44. Bg2 Rd8 45. Ke3 Kf7 46. Bf3 Ke7 47. Kd2
Kd7 48. Ra1 Re8 49. Ra3 Rb8 50. Ra1 Rf8 51. Ke3 Re8+ 52. Kd2 Rb8 53. Kc3 Ke6
54. Kd2 Kf5 55. Ra3 g5 56. hxg5 Kxg5 57. Ra1 Rd8 58. Rh1 Be8 59. Rb1 Bc6 60.
Rh1 Be8 1/2-1/2

[Event "SR 3. liga A2 2017/2018"]
[Site "?"]
[Date "2017.11.19"]
[Round "4.2"]
[White "Csuri, Szilveszter"]
[Black "Doucha, Ludvig"]
[Result "1-0"]
[WhiteElo "1981"]
[BlackElo "1901"]
[PlyCount "97"]
[EventDate "2017.??.??"]

1. e4 e5 2. Nf3 d6 3. d4 exd4 4. Nxd4 g6 5. Bd3 Bg7 6. c3 Nc6 7. Nxc6 bxc6 8.
O-O Ne7 9. Bg5 O-O 10. Re1 Rb8 11. Qc2 f6 12. Bh4 Be6 13. Nd2 Qd7 14. Rad1 Kh8
15. Nb3 c5 16. Bf1 Qa4 17. Ra1 Nc6 18. Reb1 Bxb3 19. axb3 Qxb3 20. Qxb3 Rxb3
21. Bc4 Rb6 22. Bd5 a6 23. Ra2 Ra8 24. f4 Ra7 25. Re1 Ne7 26. Bc4 Nc6 27. Bf2
a5 28. Bd5 Bh6 29. g3 Bg7 30. Kg2 Rab7 31. Re2 Ra7 32. Re1 Ne7 33. Bc4 h5 34.
b4 Nc6 35. bxc5 Rb8 36. cxd6 cxd6 37. Bxa7 Nxa7 38. Rxa5 Nc8 39. Re2 Rb7 40.
Bd5 Rc7 41. c4 Nb6 42. Rc2 f5 43. exf5 gxf5 44. Be6 Bd4 45. Rxf5 Kg7 46. Rxh5
Kf6 47. Bd5 Kg6 48. Rg5+ Kf6 49. h4 1-0

[Event "SR 3. liga A2 2017/2018"]
[Site "?"]
[Date "2017.11.19"]
[Round "4.2"]
[White "Bahna, Jan"]
[Black "Meszaros, Lorant"]
[Result "1/2-1/2"]
[WhiteElo "1845"]
[BlackElo "1953"]
[PlyCount "93"]
[EventDate "2017.??.??"]

1. e4 e5 2. Nf3 Nc6 3. Bb5 a6 4. Ba4 Nf6 5. O-O Be7 6. Re1 b5 7. Bb3 d6 8. c3
O-O 9. h3 Nd7 10. d4 Bf6 11. Be3 Na5 12. Bc2 Nc4 13. Bc1 g6 14. b3 Ncb6 15. Bh6
Re8 16. d5 Bg7 17. Bxg7 Kxg7 18. Nbd2 Nf6 19. Kh2 Nh5 20. g3 Rf8 21. c4 bxc4
22. bxc4 Nd7 23. Nb3 Ndf6 24. c5 Qd7 25. Ng1 h6 26. c6 Qe7 27. Qd2 Nh7 28. Na5
f5 29. exf5 gxf5 30. f4 e4 31. Rab1 N5f6 32. Bb3 h5 33. Nf3 Qf7 34. Nh4 Re8 35.
Bc4 Nf8 36. Re3 Ng6 37. Nxg6 Kxg6 38. Nb3 Rb8 39. Rd1 Rh8 40. a3 Rb6 41. a4
Rxc6 42. dxc6 Qxc4 43. Rc1 Qxa4 44. Qa5 Qxa5 45. Nxa5 Nd5 46. Ra3 Re8 47. Nc4
1/2-1/2

[Event "SR 3. liga A2 2017/2018"]
[Site "?"]
[Date "2017.11.19"]
[Round "4.2"]
[White "Sarkozi, Szabolcs"]
[Black "Krist, Milan"]
[Result "1-0"]
[WhiteElo "1686"]
[BlackElo "1830"]
[PlyCount "65"]
[EventDate "2017.??.??"]

1. e4 e6 2. Nf3 d5 3. Nc3 d4 4. Ne2 c5 5. c3 dxc3 6. bxc3 Nf6 7. Ng3 Be7 8. Bc4
O-O 9. O-O Nc6 10. d4 a6 11. a4 b6 12. Bf4 Bb7 13. Re1 Re8 14. Ba2 cxd4 15.
cxd4 Nb4 16. Bc4 Rc8 17. Qb3 h6 18. Rad1 g5 19. Bxe6 fxe6 20. Qxe6+ Kg7 21.
Nf5+ Kh8 22. Ne5 Bd5 23. exd5 Qxd5 24. Qxd5 Nbxd5 25. Ng6+ Kh7 26. Ngxe7 Nxe7
27. Nxe7 Rc4 28. Bg3 Rxa4 29. d5 Nd7 30. d6 b5 31. h3 Rc4 32. Rc1 Rd4 33. Rc7
1-0

[Event "SR 3. liga A2 2017/2018"]
[Site "?"]
[Date "2017.11.19"]
[Round "4.2"]
[White "Babirat, Michal"]
[Black "Both, Lajos"]
[Result "1/2-1/2"]
[WhiteElo "1827"]
[BlackElo "1782"]
[PlyCount "74"]
[EventDate "2017.??.??"]

1. c4 e5 2. Nc3 Nc6 3. g3 g6 4. Bg2 Bg7 5. d3 d6 6. e4 f5 7. f4 Nf6 8. Nge2
fxe4 9. Nxe4 Nxe4 10. Bxe4 O-O 11. O-O Bg4 12. Qc2 Bh3 13. Bg2 Qd7 14. Bd2 exf4
15. Nxf4 Bxg2 16. Kxg2 Nd4 17. Qd1 Rae8 18. Bc3 Qc6+ 19. Nd5 Nf5 20. Kg1 Qc5+
21. Kh1 Bxc3 22. Nxc3 Ne3 23. Rxf8+ Rxf8 24. Qe2 Qc6+ 25. Ne4 Nf5 26. Rf1 d5
27. cxd5 Qxd5 28. g4 Nd4 29. Rxf8+ Kxf8 30. Qf2+ Qf7 31. Kg2 Qxf2+ 32. Kxf2 Ke7
33. a3 Ne6 34. Ke3 g5 35. d4 c6 36. Ng3 Nf4 37. Ke4 Ke6 1/2-1/2

[Event "SR 3. liga A2 2017/2018"]
[Site "?"]
[Date "2017.11.19"]
[Round "4.2"]
[White "Rozsas, Daniel"]
[Black "Suchan, Jozef"]
[Result "0-1"]
[WhiteElo "1712"]
[BlackElo "1769"]
[PlyCount "56"]
[EventDate "2017.??.??"]

1. e4 e5 2. Nf3 Nc6 3. d4 exd4 4. Bc4 Nf6 5. Ng5 d5 6. exd5 Na5 7. Bb5+ Bd7 8.
Bxd7+ Qxd7 9. Qxd4 Qxd5 10. Qe3+ Be7 11. Nc3 Qxg2 12. Qf3 Qxf3 13. Nxf3 h6 14.
Bf4 Bb4 15. Bd2 O-O-O 16. O-O-O Nc4 17. Be1 Rxd1+ 18. Kxd1 Nxb2+ 19. Kc1 Nc4
20. Nd4 Rd8 21. Nf5 Ba3+ 22. Kb1 Bf8 23. f3 g6 24. Ng3 Nd2+ 25. Kc1 Ba3+ 26.
Kd1 Nxf3+ 27. Ke2 Nxe1 28. Rxe1 Bb4 0-1